Score 0/5 Timer 05:00
1 Play Today
Hint Answer % Correct
Chelsea 2008, 2010, 2011Frank Lampard
99%
Southampton 1994, 1995Matt Le Tissier
88%
West Brom 2013, Everton 2016, 2017Romelu Lukaku
80.1%
Arsenal 2003Freddie Ljungberg
58.5%
Charlton 2003Kevin Lisbie
22.3%
Remove Ads.
Support Sporcle.
Get the best of Sporcle when you Go Orange. This ad-free experience offers more features, more stats, and more fun while also helping to support Sporcle. Thank you for becoming a member.

You're not logged in!

Compare scores with friends on all Sporcle quizzes.
OR
Log In

Show Comments

Extras

Top Quizzes Today


Score Distribution

Your Account Isn't Verified!

In order to create a playlist on Sporcle, you need to verify the email address you used during registration. Go to your Sporcle Settings to finish the process.

Report this User

Report this user for behavior that violates our Community Guidelines.

Details: